00679nam a2200241 a 4500001001300000003000900013005001700022008004100039020000900080082001500089100002200104245003200126260004000158300000900198500003500207505000900242650001600251700002200267902000800289942000700297952011600304999001700420nice12345678IN_TiNIC20260116015156.0050524s1983 dela grp 000 0 eng  ac1500a297.7bSAQ aSaqr, Abdul Badei aHow to Call People to Islam aDelhibHindustan Publicationsc1983 a154p aincludes index and biblioraphy2 a550p aDawah-Islam1 aSaqr, Abdul Badei bSRS cBK 001040708StackRoom-aHMIbHMId2007-07-12g15.00l0o297.7 SAQp11000106r2007-07-12v15.00w2005-05-24yBK c18623d18623